| 000 | 00735cam a2200193ua 4500 | ||
|---|---|---|---|
| 020 | _c3.60 | ||
| 041 |
_aeng _h |
||
| 082 |
_a428 _bSHI/SP |
||
| 100 | _aShillan, David . | ||
| 110 | 1 |
_a . _b _c() |
|
| 245 |
_aSpoken English: A short guide to English speech / _cDavid Shillan. _hTextual Documents |
||
| 250 |
_a1 / _b. |
||
| 260 |
_aLondon : _bLongman Green and Co , _c1962. |
||
| 300 | _a88 ; . | ||
| 365 | _a3.60 | ||
| 504 | _a | ||
| 942 | _cBK | ||
| 999 |
_c8700 _d8700 |
||